Finish the TV Show Titles (1990s) Quiz Stats

 Plays Quiz Updated May 15, 2019

Score 0/30 Timer 05:00
0 Plays Today
Start of Title Last Word % Correct
Boy MeetsWorld
94.7%
Mad AboutYou
91.1%
Just ShootMe!
88.7%
The Magic SchoolBus
85.7%
My So-CalledLife
85.7%
The WestWing
85.5%
Pinky and the Brain
85.1%
Clarissa Explains ItAll
84.1%
In LivingColor
83.5%
TwinPeaks
82.5%
SouthPark
82.4%
Batman: The AnimatedSeries
80.3%
SuddenlySusan
76.6%
Where in the World is CarmenSandiego?
76.2%
DarkwingDuck
71%
Start of Title Last Word % Correct
Caroline in theCity
70.9%
Win Ben Stein'sMoney
70.9%
Dexter'sLaboratory
70.6%
Babylon5
68.9%
NorthernExposure
67.7%
NashBridges
66.5%
Two Guys, a Girl, and a PizzaPlace
65.4%
HomeImprovement
63.5%
Veronica's Closet
62.2%
La FemmeNikita
61.2%
Keeping UpAppearances
46.6%
Salute YourShorts
38.3%
Captain Planet and thePlaneteers
30.2%
The WildThornberrys
29.5%
Jeeves andWooster
21.4%

You're not logged in!

Compare scores with friends on all Sporcle quizzes.
OR
Log In

Show Comments

Extras

Top Quizzes Today


Score Distribution

Your Account Isn't Verified!

In order to create a playlist on Sporcle, you need to verify the email address you used during registration. Go to your Sporcle Settings to finish the process.

Report this User

Report this user for behavior that violates our Community Guidelines.

Details: